000 00276nam a2200109Ia 4500
008 200302s9999 xx 000 0 und d
100 _aDouglas Farr
245 _aSustainable Urbanism Urban Design With Nature
260 _bMarg Publication
260 _c2008
300 _a304 P.,
999 _c3171
_d3171